000 01109nam0a22003131 4500
001 v19\rc\1709562
005 20061002164152.9
035 _a(NLR Aleph) 004809647
090 _a4914891
_c4914891
100 _a20061002d1899 |||y0rusy50 ca
101 0 _arus
102 _aRU
105 _ay z |||||
200 1 _aБорьба национальностей и законы народных слияний
_e(Лекция, чит. 12 февр. 1899 г. в Одес. о-ве любителей науки, лит. и искусства)
210 _aОдесса
_cА.Г. Генчмахер
_d1899
215 _a40 с.
_d18
300 _aПеред загл. авт.: Я.А. Новиков
320 _aСписок трудов авт. (с. 2)
700 1 _aНовиков
_bЯ. А.
_f1850-1912
_gЯков Александрович
801 0 _aRU
_bNLR
_gpsbo
801 0 _aRU
_bRuMoRGB
_2psbo
801 1 _aRU
_bProSoft-M
_2rusmarc
852 _aNLR
_j20.100.5.310
899 _aRuMoRGB
_jS 42/985
899 _aБАН
899 _aНБ СПбГУ
899 _aГПИБ
942 _cBOOK
980 _aNB